Thothův Tarot

Main Author: Crowley, Aleister, 1875-1947
Other Authors: Arrien, Angeles, 1940-2014
Language: Czech
Published: [Praha] : Synergie, c2007
Edition: Vyd. 1.
Physical Description: 78 karet : barev. ; 14 x 10 cm + brožura (61 s.)
Photo
Saved in:
LEADER 01441nkm a2200361 a 4500
001 000886393
003 CZ BrMZK
005 20080312120043.0
007 ku cc
008 080215s2007 xr nnn kncze
020 |a 978-80-7370-046-1  |q (karty) 
040 |a BOA001  |b cze 
041 1 |a cze  |h eng 
072 7 |a 133  |x Ezoterismus. Okultismus  |2 Konspekt  |9 17 
080 |a 133.3:794.43  |2 MRF 
080 |a (0.026.6)794.43  |2 MRF 
100 1 |a Crowley, Aleister,  |d 1875-1947  |7 ola2002159035  |4 aut 
245 1 0 |a Thothův Tarot  |h [grafika] /  |c Aleister Crowley ; s výkladovými metodami a významy podle Angeles Arrien ; [úryvky z anglického originálu ... přeložila Monika Kittová] 
246 1 |i Název na obalu:  |a Velký Thotův Tarot 
250 |a Vyd. 1. 
260 |a [Praha] :  |b Synergie,  |c c2007 
300 |a 78 karet :  |b barev. ;  |c 14 x 10 cm +  |e brožura (61 s.) 
500 |a Brožura obsahuje překlady úryvků z Velké knihy o Crowleyho Tarotu 
500 |a Uloženo v kartonové krabičce se zásuvkou 160 x 110 x 40 mm 
650 0 7 |a tarot  |7 ph116402  |2 czenas 
655 7 |a vykládací karty  |7 fd133822  |2 czenas 
700 1 |a Arrien, Angeles,  |d 1940-2014  |7 jn20001227166  |4 aut 
740 0 2 |a Velká kniha Crowleyho Tarotu 
765 0 |t Tarot handbook  |9 Česky 
910 2 |a BOA001  |b Z-1200.131 
990 |a GP 
991 |b 200803 
996 6 |b 2610335234  |c Z-1200.131  |l MZK  |r Sklad / do 24 hodin  |n 4  |p p.v.  |w 000886393  |u 000010  |a 1  |e BOA001  |j MZK50  |s P